| 000 | 00957nam1a22002771i 4500 | ||
|---|---|---|---|
| 001 | v19\rc\1946832 | ||
| 005 | 20260406064143.0 | ||
| 035 | _a(NLR Aleph) 005271542 | ||
| 090 |
_a6004829 _c6004829 |
||
| 100 | _a20080428g19131914|||y0rusy50 ca | ||
| 101 | 1 |
_arus _cfre |
|
| 102 | _aRU | ||
| 105 | _ay z ||||| | ||
| 200 | 1 |
_aПолное собрание сочинений _eТ. 1- _fАльфонс Додэ |
|
| 210 |
_aМосква _cИ.А. Маевский _d1913]-1914] |
||
| 215 | _d19 | ||
| 309 | _aЧаст. загл. каждого т. на отд. тит. л. | ||
| 532 | 1 | 3 | _aПолное собрание сочинений |
| 700 | 1 |
_8rus _7ca _aДоде _bА. _f1840-1897 _gАльфонс _3RU\NLR\AUTH\7723718 _96771 |
|
| 801 | 2 |
_aRU _bNLR _c20090702 _2rusmarc |
|
| 801 | 0 |
_aRU _bNLR _c20080428 _gpsbo |
|
| 801 | 0 |
_aRU _bRuMoRGB _c20080428 _2psbo |
|
| 801 | 1 |
_aRU _bProSoft-M _c20080428 _2rusmarc |
|
| 852 |
_aNLR _j37.45.6.49 |
||
| 942 | _cBOOK | ||